000 00350nam a2200133Ia 4500
008 240624s9999 xx 000 0 und d
041 _aeng
082 _a332.024 MAL
100 _aROBBINS TONY
245 _aUNSHAKEABLE YOUR FINANCIAL FREEDOM PLAYB
260 _c2017
_aNew York
_bSimon & Schuster
300 _axxiv, 231 p.; 23 cm.
365 _c
_b38
999 _c30719
_d30719